Players with TD Receptions from Kirk Cousins - Statistics

General Stats
  • This quiz has been taken 15 times
  • The average score is 11 of 51
Answer Stats
# of TDs Player % Correct
28 Justin Jefferson
100%
45 Adam Thielen
73%
5 Aldrick Robinson
64%
1 Bijan Robinson
64%
1 Matt Jones
64%
6 TJ Hockenson
64%
7 Drake London
55%
9 Irv Smith
55%
3 Kyle Pitts
55%
3 Olabisi Johnson
45%
5 Dalvin Cook
36%
5 Darnell Mooney
36%
7 Jordan Addison
36%
15 Stefon Diggs
36%
11 DeSean Jackson
27%
12 KJ Osborn
27%
2 Santana Moss
27%
2 CJ Ham
18%
1 Jalen Nailor
18%
1 KhaDarel Hodge
18%
11 Kyle Rudolph
18%
4 Tyler Conklin
18%
5 Alexander Mattison
9%
2 Chad Beebe
9%
1 Fred Davis
9%
2 Ihmir Smith-Marsette
9%
1 Jalen Reagor
9%
12 Jamison Crowder
9%
19 Jordan Reed
9%
6 Josh Doctson
9%
1 Josh Oliver
9%
2 Laquon Treadwell
9%
1 Ray-Ray McCloud
9%
1 Samaje Perine
9%
5 Vernon Davis
9%
3 Ameer Abdullah
0%
2 Andre Roberts
0%
1 Chris Herndon
0%
8 Chris Thompson
0%
2 Darrel Young
0%
1 Derek Carrier
0%
1 Jeremy Sprinkle
0%
1 Johnny Mundt
0%
1 Kapri Bibbs
0%
2 Leonard Hankerson
0%
1 Maurice Harris
0%
1 Niles Paul
0%
14 Pierre Garcon
0%
1 Robert Kelley
0%
6 Ryan Grant
0%
1 Terrelle Pryor
0%
No matching quizzes found
Score Distribution
Percent of People with Each Score
Percentile by Number Answered
Your Score History
You have not taken this quiz